00358nam a2200133Ia 4500003000400000005001700004008004100021040000900062082001500071100002500086245005700111260004700168300000900215OSt20200320120044.0190216s9999||||xx |||||||||||||| ||und|| coclc a954bKUN/M aKunji, P K Muhammad  0aMuslimgalum Kerala Samskaravum /cP K Muhammad Kunji bKerala Sahithya Academy,c1982.aThrissur: a360p